000 00681nam a2200205Ii 4500
003 JO-AjNU
008 230605s9999||||xx |||||||||||||| ||und||
040 _aJO-AjNU
_bara
_erda
_cJO-AjNU
041 _aara
050 1 4 _aTC205.B26 2007
100 3 _aتاليف بلوط، عادل احمد ,
_eauthor
_951457
245 0 0 _aهندسة المرافئ البحرية
250 _aط1
264 3 1 _aعمان :دار الشروق للنشر ، 2007
300 _a225ص
_bصور توضيحية
336 _atext
_btxt
_2rdacontent
337 _aunmediated
_bn
_2rdamedia
338 _avolume
_bnc
_2rdacarrier
650 4 _aالهندسة - المرافئ البحرية
_951458
999 _aA22731
_c26299
_d26299